| 000 | 00984 a2200181 4500 | ||
|---|---|---|---|
| 003 | Nust | ||
| 005 | 20221216104605.0 | ||
| 020 | _a81-7409-066-5 | ||
| 040 | _cNust | ||
| 082 | _a621.3822,SAR | ||
| 100 |
_aProf.N.Sarkar _9772 |
||
| 245 |
_aElements of Digital Signal Processing / _cProf.N.Sarkar |
||
| 260 |
_aKhanna _bDelhi _c2003 |
||
| 300 | _axvii,775p | ||
| 505 | _aIntroduction to Digital Signals and Signal Processing (Page-1), Z-Transform (Page-81), Discrete Fourier Transform (Page-155), Computation of DFT Using Fast Fourier Transform (Page-232), Theory and Design of Infinite Impulse Response (IIR) Digital Filters (Page-281), Theory and Design of Finite Impulse Response Digital Filters (Page-374), Finite Word Length Effects in Digital Filters (Page-466), Discrete Hilbert Transform (Page-525), Analog Signal Processing and Filter Design (Page-574), Applications of Digital Signal Processing (Page-624). | ||
| 650 | _aTelecommunication engineering | ||
| 942 |
_2ddc _cBK |
||
| 999 |
_c190844 _d190844 |
||